Trivia de Disney #3 (películas animadas) - Estadísticas

Estadísticas generales
  • Esta prueba ha sido intentada 146 veces
  • La puntuación promedio es 8 de 16
Estadísticas de respuestas
Imagen Hint Respuesta % Correcto
¿A quién pertenece? Cenicienta
100%
¿Para quién es el vestido? Aurora
91%
¿De qué película es? Encanto
90%
¿A quién pertenece? Cruella de Vil
79%
¿En qué película sale? La Sirenita
59%
¿Qué película es? Fantasía
57%
¿Cuál es su apellido? Robinson
49%
¿Cómo se llama? Señora Potts
45%
¿Cómo se llama? Yzma
45%
¿Qué lugar es? El Cementerio de elefantes
42%
¿Quién es el gato? Oliver
34%
¿Qué frase dice? "¿Quiere?"
32%
¿Quién vive aquí? Winnie Pooh
30%
¿Qué reino es? Sugar Rush
18%
¿Qué reino es? Kumandra
11%
¿Quién vive aquí? Mamá Odie
9%
No se encontraron pruebas coincidentes
Distribución de puntuación
Porcentaje de gente con cada puntuación
Porcentaje por número respondido
Historial de tus puntuaciones
No has intentado esta prueba.